[Event "Berliner Meisterschaft 2023"]
[Site "Berlin"]
[Date "2023.04.09"]
[Round "2.4"]
[White "Lagunow, Raphael"]
[Black "Glantz, Robert"]
[Result "1-0"]
[WhiteElo "2410"]
[BlackElo "2360"]
[PlyCount "121"]
[EventDate "2023.??.??"]

1. e4 {[%emt 0:16:41]} c5 {[%emt 0:01:05]} 2. c3 {[%emt 0:00:07]} Nf6 {[%emt 0:01:26]} 3. e5 {[%emt 0:00:08]} Nd5 {[%emt 0:00:09]} 4. Nf3 {[%emt 0:00:43]} e6 {[%emt 0:01:09]} 5. d4 {[%emt 0:00:16]} cxd4 {[%emt 0:00:39]} 6. cxd4 {[%emt 0:00:14]} d6 {[%emt 0:00:59]} 7. Bc4 {[%emt 0:00:25]} Be7 {[%emt 0:01:56]} 8. O-O {[%emt 0:02:22]} O-O {[%emt 0:00:39]} 9. Qe2 {[%emt 0:00:43]} b6 {[%emt 0:04:52]} 10. Nc3 {[%emt 0:15:22]} Nxc3 {[%emt 0:21:41]} 11. bxc3 {[%emt 0:00:07]} Bb7 {[%emt 0:01:38]} 12. Bd2 {[%emt 0:24:44]} Nd7 {[%emt 0:13:02]} 13. exd6 {[%emt 0:11:26]} Bxd6 {[%emt 0:00:09]} 14. Ng5 {[%emt 0:03:09]} Nf6 {[%emt 0:04:52]} 15. f4 {[%emt 0:01:23]} Qc7 {[%emt 0:04:36]} 16. Bd3 {[%emt 0:01:28]} Rac8 {[%emt 0:08:03]} 17. Rac1 {[%emt 0:05:29]} Rfd8 {[%emt 0:05:23]} 18. Qe3 {[%emt 0:07:51]} h6 {[%emt 0:04:56]} 19. Ne4 {[%emt 0:00:42]} Nxe4 {[%emt 0:02:19]} 20. Bxe4 {[%emt 0:00:02]} Bxe4 {[%emt 0:00:43]} 21. Qxe4 {[%emt 0:00:01]} Qc6 {[%emt 0:03:23]} 22. Qxc6 {[%emt 0:00:51]} Rxc6 {[%emt 0:00:07]} 23. a4 {[%emt 0:00:45]} Rc4 {[%emt 0:01:47]} 24. Ra1 {[%emt 0:00:26]} Bc7 {[%emt 0:06:42]} 25. Rfb1 {[%emt 0:04:31]} Kf8 {[%emt 0:02:48]} 26. Kf2 {[%emt 0:00:26]} Rc8 {[%emt 0:01:47]} 27. Ke2 {[%emt 0:00:26]} Bd8 {[%emt 0:04:30]} 28. Kd3 {[%emt 0:00:36]} a5 {[%emt 0:01:41]} 29. Rb5 {[%emt 0:01:20]} R8c6 {[%emt 0:01:02]} 30. Ra3 {[%emt 0:00:55]} Bc7 {[%emt 0:00:17]} 31. h4 {[%emt 0:00:29]} f5 {[%emt 0:00:33]} 32. h5 {[%emt 0:00:47]} Kf7 {[%emt 0:00:14]} 33. g4 {[%emt 0:01:14]} fxg4 {[%emt 0:00:40]} 34. f5 {[%emt 0:00:07]} exf5 {[%emt 0:00:30]} 35. Rxf5+ {[%emt 0:00:18]} Ke8 {[%emt 0:00:54]} 36. d5 {[%emt 0:00:51]} R6c5 {[%emt 0:00:22]} 37. Be3 {[%emt 0:00:19]} g3 {[%emt 0:00:44]} 38. Bxc5 {[%emt 0:00:11]} Rxc5 {[%emt 0:00:04]} 39. Ra2 {[%emt 0:00:14]} Bd6 {[%emt 0:00:56]} 40. c4 {[%emt 0:01:51]} Rc7 {[%emt 0:00:30]} 41. Re2+ {[%emt 0:01:29]} Kd8 {[%emt 0:06:47]} 42. Re6 {[%emt 0:07:11]} Rd7 {[%emt 0:02:14]} 43. Ke4 {[%emt 0:02:24]} Kc7 {[%emt 0:06:34]} 44. Kf3 {[%emt 0:00:41]} Kd8 {[%emt 0:00:40]} 45. Kg2 {[%emt 0:02:59]} Kc7 {[%emt 0:00:34]} 46. Rf3 {[%emt 0:01:53]} Kd8 {[%emt 0:00:39]} 47. Rb3 {[%emt 0:12:55]} Kc7 {[%emt 0:01:19]} 48. Rb2 {[%emt 0:00:08]} Rd8 {[%emt 0:03:38]} 49. Rb3 {[%emt 0:01:34]} Rd7 {[%emt 0:01:23]} 50. Rf3 {[%emt 0:00:41]} Kd8 {[%emt 0:00:39]} 51. Re2 {[%emt 0:01:23]} Kc7 {[%emt 0:00:35]} 52. Rb2 {[%emt 0:01:26]} Re7 {[%emt 0:06:12]} 53. Rfb3 {[%emt 0:00:26]} Re4 {[%emt 0:00:35]} 54. Rxb6 {[%emt 0:00:42]} Rxc4 {[%emt 0:00:12]} 55. Rb7+ {[%emt 0:00:48]} Kd8 {[%emt 0:00:33]} 56. Rxg7 {[%emt 0:00:19]} Rh4 {[%emt 0:03:47]} 57. Rbb7 {[%emt 0:00:50]} Kc8 {[%emt 0:01:54]} 58. Rbf7 {[%emt 0:00:43]} Rh2+ {[%emt 0:00:29]} 59. Kf1 {[%emt 0:00:47]} Rh1+ {[%emt 0:00:39]} 60. Ke2 {[%emt 0:00:11]} Rh2+ {[%emt 0:00:28]} 61. Kd3 {[%emt 0:00:13]} 1-0

[Event "Berliner Meisterschaft 2023"]
[Site "Berlin"]
[Date "2023.04.09"]
[Round "2.5"]
[White "Hesse, Henrik"]
[Black "Bruedigam, Martin"]
[Result "1/2-1/2"]
[WhiteElo "2197"]
[BlackElo "2378"]
[PlyCount "214"]
[EventDate "2023.??.??"]

1. c4 {[%emt 0:00:04]} e6 {[%emt 0:00:06]} 2. g3 {[%emt 0:00:09]} d5 {[%emt 0:00:08]} 3. Bg2 {[%emt 0:00:11]} c6 {[%emt 0:00:13]} 4. Nf3 {[%emt 0:00:51]} Nd7 {[%emt 0:00:36]} 5. O-O {[%emt 0:01:37]} Ngf6 {[%emt 0:04:50]} 6. d4 {[%emt 0:00:56]} Be7 {[%emt 0:01:12]} 7. Nc3 {[%emt 0:00:51]} O-O {[%emt 0:00:39]} 8. Bf4 {[%emt 0:00:33]} Nh5 {[%emt 0:03:56]} 9. Rc1 {[%emt 0:04:18]} Nxf4 {[%emt 0:01:18]} 10. gxf4 {[%emt 0:00:05]} Rb8 {[%emt 0:15:41]} 11. cxd5 {[%emt 0:36:23]} exd5 {[%emt 0:04:02]} 12. Ne5 {[%emt 0:00:17]} Nf6 {[%emt 0:05:13]} 13. e3 {[%emt 0:00:52]} Bf5 {[%emt 0:05:25]} 14. Ne2 {[%emt 0:05:15]} Qc8 {[%emt 0:17:08]} 15. Ng3 {[%emt 0:04:25]} Be6 {[%emt 0:07:05]} 16. a3 {[%emt 0:02:56]} Ne8 {[%emt 0:05:55]} 17. f5 {[%emt 0:16:21]} Bxf5 {[%emt 0:00:16]} 18. Bxd5 {[%emt 0:00:14]} Be6 {[%emt 0:06:25]} 19. Bg2 {[%emt 0:11:22]} Nf6 {[%emt 0:03:58]} 20. f4 {[%emt 0:01:38]} Bh3 {[%emt 0:04:10]} 21. Qb3 {[%emt 0:00:53]} Bxg2 {[%emt 0:00:56]} 22. Kxg2 {[%emt 0:00:04]} Qe6 {[%emt 0:02:11]} 23. Qxe6 {[%emt 0:01:42]} fxe6 {[%emt 0:00:04]} 24. f5 {[%emt 0:00:44]} exf5 {[%emt 0:03:33]} 25. Nxf5 {[%emt 0:00:22]} Rbe8 {[%emt 0:01:29]} 26. b4 {[%emt 0:07:30]} Bd8 {[%emt 0:02:34]} 27. Nd6 {[%emt 0:01:30]} Re7 {[%emt 0:00:11]} 28. b5 {[%emt 0:00:26]} cxb5 {[%emt 0:02:22]} 29. Nxb5 {[%emt 0:00:33]} a6 {[%emt 0:00:37]} 30. Nd6 {[%emt 0:00:09]} Ba5 {[%emt 0:01:37]} 31. Rc2 {[%emt 0:01:30]} Rd8 {[%emt 0:00:24]} 32. Nf5 {[%emt 0:00:24]} Re6 {[%emt 0:00:22]} 33. Rfc1 {[%emt 0:00:39]} g6 {[%emt 0:00:39]} 34. Nh6+ {[%emt 0:00:23]} Kg7 {[%emt 0:00:25]} 35. Rc7+ {[%emt 0:01:17]} Bxc7 {[%emt 0:00:15]} 36. Rxc7+ Kxh6 {[%emt 0:01:18]} 37. Nf7+ {[%emt 0:00:03]} Kh5 {[%emt 0:00:05]} 38. Nxd8 {[%emt 0:00:05]} Rxe3 {[%emt 0:00:05]} 39. Rf7 {[%emt 0:00:46]} Nd5 {[%emt 0:01:41]} 40. Rxh7+ {[%emt 0:00:31]} Kg4 {[%emt 0:00:15]} 41. h3+ {[%emt 0:01:05]} Kf5 {[%emt 0:21:29]} 42. Nxb7 {[%emt 0:03:02]} Nf4+ {[%emt 0:01:14]} 43. Kh2 {[%emt 0:02:46]} Rxa3 {[%emt 0:00:28]} 44. Nc5 {[%emt 0:08:33]} Ra2+ {[%emt 0:02:21]} 45. Kh1 {[%emt 0:02:18]} g5 {[%emt 0:00:34]} 46. h4 {[%emt 0:02:05]} Ra1+ {[%emt 0:04:47]} 47. Kh2 {[%emt 0:00:12]} Ra2+ {[%emt 0:00:03]} 48. Kh1 {[%emt 0:00:13]} Kg4 {[%emt 0:03:37]} 49. hxg5 {[%emt 0:03:41]} Kg3 {[%emt 0:00:11]} 50. Ne4+ {[%emt 0:00:06]} Kf3 {[%emt 0:00:08]} 51. g6 {[%emt 0:06:07]} Kxe4 {[%emt 0:00:39]} 52. g7 {[%emt 0:00:01]} Rg2 {[%emt 0:00:13]} 53. Rh6 {[%emt 0:00:22]} Rxg7 {[%emt 0:00:25]} 54. Rxa6 {[%emt 0:00:07]} Kf3 {[%emt 0:00:08]} 55. Rf6 {[%emt 0:03:11]} Kg3 {[%emt 0:00:28]} 56. Rf8 {[%emt 0:00:54]} Rg5 {[%emt 0:01:46]} 57. d5 {[%emt 0:01:00]} Rh5+ {[%emt 0:00:25]} 58. Kg1 {[%emt 0:00:06]} Rxd5 {[%emt 0:00:08]} 59. Rg8+ {[%emt 0:00:17]} Kf3 {[%emt 0:00:04]} 60. Rf8 {[%emt 0:00:16]} Rd6 {[%emt 0:00:20]} 61. Kh2 {[%emt 0:00:50]} Rd2+ {[%emt 0:00:23]} 62. Kg1 {[%emt 0:00:37]} Rd7 {[%emt 0:00:03]} 63. Kh2 {[%emt 0:00:07]} Rc7 {[%emt 0:00:03]} 64. Kg1 {[%emt 0:00:14]} Rb7 {[%emt 0:00:03]} 65. Kh2 {[%emt 0:00:06]} Ra7 {[%emt 0:00:02]} 66. Kg1 {[%emt 0:00:06]} Rh7 {[%emt 0:00:09]} 67. Rf5 {[%emt 0:00:47]} Rh8 {[%emt 0:00:41]} 68. Rf7 {[%emt 0:00:09]} Rh3 {[%emt 0:00:11]} 69. Rf8 {[%emt 0:00:12]} Rh4 {[%emt 0:00:04]} 70. Rf7 {[%emt 0:00:07]} Rh8 {[%emt 0:00:04]} 71. Rf5 {[%emt 0:00:08]} Rg8+ {[%emt 0:03:12]} 72. Kf1 {[%emt 0:01:30]} Re8 {[%emt 0:00:05]} 73. Rf7 {[%emt 0:00:14]} Re3 {[%emt 0:00:06]} 74. Rf8 {[%emt 0:00:15]} Kg3 {[%emt 0:00:16]} 75. Rg8+ {[%emt 0:00:08]} Kf3 {[%emt 0:00:04]} 76. Rf8 {[%emt 0:00:04]} Re7 {[%emt 0:00:05]} 77. Rf5 {[%emt 0:00:44]} Ke3 {[%emt 0:00:30]} 78. Rf8 {[%emt 0:00:13]} Ne6 {[%emt 0:00:28]} 79. Rf6 {[%emt 0:00:14]} Nd4 {[%emt 0:00:50]} 80. Rf8 {[%emt 0:00:08]} Nf3 {[%emt 0:00:18]} 81. Rf6 {[%emt 0:01:41]} Re8 {[%emt 0:00:52]} 82. Rf7 {[%emt 0:00:19]} Re6 {[%emt 0:01:21]} 83. Rf8 {[%emt 0:00:12]} Re7 {[%emt 0:00:04]} 84. Rf6 {[%emt 0:00:08]} Re5 {[%emt 0:01:47]} 85. Rf8 {[%emt 0:00:12]} Nd4 {[%emt 0:00:06]} 86. Rf7 {[%emt 0:00:41]} Ne6 {[%emt 0:00:28]} 87. Re7 {[%emt 0:01:03]} Kf3 {[%emt 0:00:13]} 88. Re8 {[%emt 0:00:35]} Re2 {[%emt 0:01:20]} 89. Re7 {[%emt 0:00:26]} Rh2 {[%emt 0:00:37]} 90. Ke1 {[%emt 0:00:49]} Ng5 {[%emt 0:00:11]} 91. Kd1 {[%emt 0:00:13]} Ne4 {[%emt 0:00:05]} 92. Rf7+ {[%emt 0:00:22]} Ke3 {[%emt 0:00:06]} 93. Re7 {[%emt 0:00:10]} Ra2 {[%emt 0:01:06]} 94. Re8 {[%emt 0:00:16]} Rd2+ {[%emt 0:00:46]} 95. Kc1 {[%emt 0:00:08]} Re2 {[%emt 0:00:10]} 96. Kd1 {[%emt 0:00:14]} Rg2 {[%emt 0:00:24]} 97. Re7 {[%emt 0:00:12]} Rd2+ {[%emt 0:00:36]} 98. Kc1 {[%emt 0:00:05]} Rd4 {[%emt 0:00:03]} 99. Kc2 {[%emt 0:00:09]} Rc4+ {[%emt 0:00:13]} 100. Kb3 {[%emt 0:00:12]} Rc8 {[%emt 0:00:06]} 101. Kb4 {[%emt 0:00:23]} Rc6 {[%emt 0:00:11]} 102. Kb5 {[%emt 0:00:22]} Rd6 {[%emt 0:00:06]} 103. Rh7 {[%emt 0:00:38]} Kd4 {[%emt 0:00:13]} 104. Rh4 {[%emt 0:00:23]} Rd8 105. Kb6 {[%emt 0:00:06]} Rd6+ {[%emt 0:00:03]} 106. Kb5 {[%emt 0:00:07]} Rd8 {[%emt 0:00:02]} 107. Kb6 {[%emt 0:00:05]} Rd6+ {[%emt 0:00:03]} 1/2-1/2

[Event "Berliner Meisterschaft 2023"]
[Site "Berlin"]
[Date "2023.04.09"]
[Round "2.6"]
[White "Georg, Tscheuschner"]
[Black "von Herman, Ulf"]
[Result "1-0"]
[WhiteElo "2185"]
[BlackElo "2332"]
[PlyCount "55"]
[EventDate "2023.??.??"]

1. c4 {[%emt 0:00:03]} e6 {[%emt 0:03:47]} 2. Nf3 {[%emt 0:00:09]} d5 {[%emt 0:00:06]} 3. e3 {[%emt 0:00:12]} Nf6 {[%emt 0:00:21]} 4. Nc3 {[%emt 0:00:05]} dxc4 {[%emt 0:00:27]} 5. Bxc4 {[%emt 0:00:06]} a6 {[%emt 0:00:11]} 6. d4 {[%emt 0:00:20]} b5 {[%emt 0:00:18]} 7. Bb3 {[%emt 0:00:38]} Bb7 {[%emt 0:00:22]} 8. O-O {[%emt 0:00:24]} c5 {[%emt 0:00:19]} 9. e4 {[%emt 0:01:12]} cxd4 {[%emt 0:10:11]} 10. Nxd4 {[%emt 0:00:20]} Nbd7 {[%emt 0:00:36]} 11. Re1 {[%emt 0:01:02]} Ne5 {[%emt 0:37:29]} 12. Bd5 {[%emt 0:01:56]} Qb6 {[%emt 0:13:37]} 13. Bxb7 {[%emt 0:21:07]} Qxb7 {[%emt 0:00:14]} 14. a4 {[%emt 0:00:09]} b4 {[%emt 0:01:47]} 15. Nd5 {[%emt 0:00:09]} Nfd7 {[%emt 0:16:40]} 16. f4 {[%emt 0:32:40]} exd5 {[%emt 0:05:50]} 17. fxe5 {[%emt 0:00:10]} Bc5 {[%emt 0:00:18]} 18. Kh1 {[%emt 0:01:50]} O-O {[%emt 0:01:14]} 19. Nf5 {[%emt 0:03:10]} Nxe5 {[%emt 0:00:38]} 20. exd5 {[%emt 0:05:10]} Rfe8 {[%emt 0:00:54]} 21. Bh6 {[%emt 0:12:04]} Bf8 {[%emt 0:02:18]} 22. Qd4 {[%emt 0:01:32]} f6 {[%emt 0:00:32]} 23. Bf4 {[%emt 0:02:12]} Qd7 {[%emt 0:00:53]} 24. Bxe5 {[%emt 0:02:33]} Qxf5 {[%emt 0:02:02]} 25. Bc7 {[%emt 0:02:24]} Qd7 {[%emt 0:01:16]} 26. d6 {[%emt 0:00:21]} a5 {[%emt 0:00:10]} 27. Qd5+ {[%emt 0:01:12]} Kh8 {[%emt 0:00:40]} 28. Qb5 {[%emt 0:01:56]} 1-0

[Event "Berliner Meisterschaft 2023"]
[Site "Berlin"]
[Date "2023.04.09"]
[Round "2.7"]
[White "Baskin, Robert"]
[Black "Gebigke, Martin"]
[Result "1-0"]
[WhiteElo "2442"]
[BlackElo "2089"]
[PlyCount "113"]
[EventDate "2023.??.??"]

1. e4 {[%emt 0:17:06]} c5 {[%emt 0:00:10]} 2. Nf3 {[%emt 0:00:09]} d6 {[%emt 0:00:10]} 3. d4 {[%emt 0:00:09]} cxd4 {[%emt 0:00:10]} 4. Nxd4 {[%emt 0:00:06]} Nf6 {[%emt 0:00:06]} 5. Nc3 {[%emt 0:00:05]} Nc6 {[%emt 0:00:08]} 6. Bg5 {[%emt 0:00:49]} e6 {[%emt 0:00:21]} 7. Qd2 {[%emt 0:01:31]} a6 {[%emt 0:01:16]} 8. Nxc6 {[%emt 0:00:33]} bxc6 {[%emt 0:00:04]} 9. O-O-O {[%emt 0:00:08]} Be7 {[%emt 0:04:09]} 10. Bc4 {[%emt 0:00:57]} a5 {[%emt 0:08:06]} 11. Rhe1 {[%emt 0:03:27]} a4 {[%emt 0:07:42]} 12. e5 {[%emt 0:26:19]} dxe5 {[%emt 0:04:30]} 13. Qxd8+ Bxd8 14. Ne4 {[%emt 0:09:31]} O-O {[%emt 0:16:22]} 15. Nd6 {[%emt 0:02:39]} a3 {[%emt 0:18:37]} 16. b3 {[%emt 0:01:53]} Nd5 {[%emt 0:07:32]} 17. Bxd8 {[%emt 0:01:21]} Rxd8 {[%emt 0:00:13]} 18. Bxd5 {[%emt 0:02:12]} cxd5 {[%emt 0:02:18]} 19. Nxc8 {[%emt 0:00:08]} Rdxc8 {[%emt 0:05:16]} 20. Rxe5 {[%emt 0:00:46]} Rc6 {[%emt 0:01:52]} 21. Rd4 {[%emt 0:01:43]} f6 {[%emt 0:01:26]} 22. Re2 {[%emt 0:00:32]} Kf7 {[%emt 0:01:15]} 23. f4 {[%emt 0:00:41]} g6 {[%emt 0:02:57]} 24. g4 {[%emt 0:04:32]} Rc5 {[%emt 0:01:52]} 25. Rb4 {[%emt 0:00:48]} Rc7 {[%emt 0:02:53]} 26. Rb6 {[%emt 0:00:18]} Re8 {[%emt 0:04:11]} 27. Ra6 {[%emt 0:02:30]} e5 {[%emt 0:02:32]} 28. fxe5 {[%emt 0:01:42]} fxe5 {[%emt 0:00:23]} 29. Rxa3 {[%emt 0:02:51]} Kf6 {[%emt 0:03:15]} 30. Ra6+ {[%emt 0:02:06]} Kg5 {[%emt 0:00:25]} 31. Rd6 {[%emt 0:00:47]} Rc5 {[%emt 0:00:56]} 32. h3 {[%emt 0:04:30]} e4 {[%emt 0:00:44]} 33. b4 {[%emt 0:01:59]} Rb5 {[%emt 0:00:25]} 34. c3 {[%emt 0:00:14]} Kf4 {[%emt 0:03:07]} 35. a4 {[%emt 0:01:37]} Ke5 {[%emt 0:00:17]} 36. Rd7 {[%emt 0:00:54]} Rb6 {[%emt 0:00:07]} 37. a5 {[%emt 0:01:27]} Rc6 {[%emt 0:00:02]} 38. Kd2 {[%emt 0:03:44]} Rec8 {[%emt 0:01:31]} 39. Re3 {[%emt 0:00:06]} Rf8 {[%emt 0:00:28]} 40. Ke2 {[%emt 0:02:18]} Rcf6 {[%emt 0:01:44]} 41. Kd2 {[%emt 0:04:46]} Rf2+ {[%emt 0:15:32]} 42. Re2 {[%emt 0:00:56]} R2f3 {[%emt 0:00:10]} 43. a6 {[%emt 0:04:18]} Rd3+ {[%emt 0:01:28]} 44. Kc2 {[%emt 0:02:58]} Rc8 {[%emt 0:00:12]} 45. a7 {[%emt 0:00:13]} Rdxc3+ {[%emt 0:08:51]} 46. Kb2 {[%emt 0:01:30]} R3c4 {[%emt 0:04:39]} 47. Rb7 {[%emt 0:01:08]} Ra8 {[%emt 0:00:59]} 48. b5 {[%emt 0:02:00]} Kd4 {[%emt 0:02:31]} 49. b6 {[%emt 0:01:52]} Rb4+ {[%emt 0:00:21]} 50. Kc1 {[%emt 0:01:01]} Rxb6 {[%emt 0:00:19]} 51. Rxb6 {[%emt 0:00:42]} Rxa7 {[%emt 0:00:03]} 52. Rd2+ {[%emt 0:01:05]} Kc5 {[%emt 0:00:45]} 53. Rb8 {[%emt 0:00:15]} Ra5 {[%emt 0:01:03]} 54. Rd8 {[%emt 0:01:16]} Kc6 {[%emt 0:00:14]} 55. Rc2+ {[%emt 0:00:44]} Kb7 {[%emt 0:00:09]} 56. Rd7+ {[%emt 0:00:17]} Kb6 {[%emt 0:00:12]} 57. Kd2 {[%emt 0:00:16]} 1-0

[Event "Berliner Meisterschaft 2023"]
[Site "Berlin"]
[Date "2023.04.09"]
[Round "2.8"]
[White "Foerster, Jonas"]
[Black "Niehaus, Frank"]
[Result "1-0"]
[WhiteElo "2295"]
[BlackElo "2142"]
[PlyCount "117"]
[EventDate "2023.??.??"]

1. Nf3 {[%emt 0:00:14]} Nf6 {[%emt 0:00:20]} 2. g3 {[%emt 0:01:17]} g6 {[%emt 0:00:16]} 3. Bg2 {[%emt 0:00:23]} Bg7 {[%emt 0:00:08]} 4. c4 {[%emt 0:01:03]} O-O {[%emt 0:00:19]} 5. Nc3 {[%emt 0:00:46]} d6 {[%emt 0:01:30]} 6. O-O {[%emt 0:00:01]} Nc6 {[%emt 0:00:31]} 7. d3 {[%emt 0:09:25]} e5 {[%emt 0:01:50]} 8. Rb1 {[%emt 0:10:25]} a5 {[%emt 0:01:32]} 9. e4 {[%emt 0:04:20]} Bg4 {[%emt 0:04:18]} 10. Be3 {[%emt 0:04:36]} Nd4 {[%emt 0:03:47]} 11. Bxd4 {[%emt 0:10:52]} exd4 {[%emt 0:00:07]} 12. Ne2 {[%emt 0:07:14]} Bxf3 {[%emt 0:02:50]} 13. Bxf3 {[%emt 0:00:05]} Nd7 {[%emt 0:00:05]} 14. Qc2 {[%emt 0:04:33]} Nc5 {[%emt 0:02:04]} 15. b3 {[%emt 0:05:04]} c6 {[%emt 0:08:32]} 16. a3 {[%emt 0:08:04]} Qc7 {[%emt 0:06:42]} 17. h4 {[%emt 0:03:42]} Rae8 {[%emt 0:06:33]} 18. b4 {[%emt 0:06:57]} axb4 {[%emt 0:00:08]} 19. axb4 {[%emt 0:00:04]} Nd7 {[%emt 0:01:53]} 20. Bg2 {[%emt 0:02:42]} Ra8 {[%emt 0:02:50]} 21. Ra1 {[%emt 0:00:55]} Qb6 {[%emt 0:07:47]} 22. Bh3 {[%emt 0:03:45]} Nf6 {[%emt 0:04:30]} 23. Ra4 {[%emt 0:06:11]} Rxa4 {[%emt 0:08:44]} 24. Qxa4 {[%emt 0:00:08]} Re8 {[%emt 0:03:49]} 25. Nc1 {[%emt 0:05:39]} Qd8 {[%emt 0:04:34]} 26. Nb3 {[%emt 0:00:53]} Nd7 {[%emt 0:03:26]} 27. f4 {[%emt 0:09:02]} Nf6 {[%emt 0:04:29]} 28. Qa7 {[%emt 0:00:36]} Nh5 {[%emt 0:03:50]} 29. Kh2 {[%emt 0:00:11]} f5 {[%emt 0:03:06]} 30. Nxd4 {[%emt 0:01:16]} c5 {[%emt 0:00:12]} 31. Nf3 {[%emt 0:00:32]} fxe4 {[%emt 0:01:18]} 32. dxe4 {[%emt 0:00:06]} Rxe4 {[%emt 0:00:15]} 33. Qxb7 {[%emt 0:00:14]} Re2+ {[%emt 0:00:35]} 34. Bg2 {[%emt 0:00:05]} Nf6 {[%emt 0:01:13]} 35. bxc5 {[%emt 0:00:57]} dxc5 {[%emt 0:00:25]} 36. Re1 {[%emt 0:00:38]} Rxe1 {[%emt 0:00:34]} 37. Nxe1 {[%emt 0:00:06]} Ng4+ {[%emt 0:01:19]} 38. Kh3 {[%emt 0:00:15]} Nf2+ {[%emt 0:00:11]} 39. Kh2 {[%emt 0:00:05]} Ng4+ {[%emt 0:00:06]} 40. Kh1 {[%emt 0:01:27]} Nf2+ {[%emt 0:04:33]} 41. Kg1 {[%emt 0:00:46]} Bd4 {[%emt 0:00:24]} 42. Qd5+ {[%emt 0:16:56]} Qxd5 {[%emt 0:00:07]} 43. Bxd5+ {[%emt 0:00:02]} Kg7 {[%emt 0:03:18]} 44. Nf3 {[%emt 0:03:03]} Nd3+ {[%emt 0:05:00]} 45. Kf1 {[%emt 0:00:57]} Bf6 {[%emt 0:03:11]} 46. Ke2 {[%emt 0:00:13]} Nc1+ {[%emt 0:02:50]} 47. Ke3 {[%emt 0:01:20]} Nb3 {[%emt 0:05:00]} 48. g4 {[%emt 0:03:21]} Be7 {[%emt 0:01:56]} 49. Be6 {[%emt 0:01:26]} Na5 {[%emt 0:04:46]} 50. g5 {[%emt 0:00:33]} Nc6 {[%emt 0:03:13]} 51. Ke4 {[%emt 0:00:30]} Nb4 {[%emt 0:00:39]} 52. Bg4 {[%emt 0:00:34]} Bd6 {[%emt 0:00:32]} 53. h5 {[%emt 0:00:44]} Na2 {[%emt 0:03:23]} 54. h6+ {[%emt 0:04:29]} Kh8 {[%emt 0:02:00]} 55. Ne5 {[%emt 0:00:28]} Kg8 {[%emt 0:01:27]} 56. Kd5 {[%emt 0:00:22]} Bxe5 {[%emt 0:01:21]} 57. fxe5 {[%emt 0:00:10]} Nc3+ {[%emt 0:00:19]} 58. Kxc5 {[%emt 0:00:37]} Ne4+ {[%emt 0:00:11]} 59. Kb6 {[%emt 0:00:22]} 1-0

[Event "Berliner Meisterschaft 2023"]
[Site "Berlin"]
[Date "2023.04.10"]
[Round "3.1"]
[White "Georg, Tscheuschner"]
[Black "Lagunow, Raphael"]
[Result "0-1"]
[TimeControl "90 minutes / 40 moves + 30 minutes + 30 seconds"]
[BlackTitle "IM"]
[WhiteFideId "12935549"]
[BlackFideId "246552644"]
[WhiteElo "2185"]
[BlackElo "2410"]

1. Nf3 {[%clk 01:30:57]} {[%emt 00:00:02]} d5 {[%clk 01:21:08]} {[%emt
00:09:53]} 2. e3 {[%clk 01:31:20]} {[%emt 00:00:07]} Nf6 {[%clk 01:21:29]}
{[%emt 00:00:09]} 3. c4 {[%clk 01:31:40]} {[%emt 00:00:10]} e6 {[%clk
01:21:53]} {[%emt 00:00:05]} 4. Nc3 {[%clk 01:32:05]} {[%emt 00:00:06]} Bd6
{[%clk 01:22:17]} {[%emt 00:00:07]} 5. b3 {[%clk 01:31:54]} {[%emt 00:00:41]}
O-O {[%clk 01:21:46]} {[%emt 00:01:00]} 6. Bb2 {[%clk 01:32:05]} {[%emt
00:00:19]} Re8 {[%clk 01:21:34]} {[%emt 00:00:42]} 7. Be2 {[%clk 01:05:13]}
{[%emt 00:27:22]} Nbd7 {[%clk 01:19:26]} {[%emt 00:02:39]} 8. O-O {[%clk
01:01:09]} {[%emt 00:04:33]} a6 {[%clk 01:18:27]} {[%emt 00:01:29]} 9. d4
{[%clk 01:00:16]} {[%emt 00:01:23]} b6 {[%clk 01:18:12]} {[%emt 00:00:45]} 10.
Qc2 {[%clk 00:59:11]} {[%emt 00:01:35]} Bb7 {[%clk 01:16:26]} {[%emt 00:02:16]}
11. Rad1 {[%clk 00:55:18]} {[%emt 00:04:23]} Qe7 {[%clk 01:05:12]} {[%emt
00:11:43]} 12. cxd5 {[%clk 00:38:01]} {[%emt 00:17:47]} exd5 {[%clk 01:05:32]}
{[%emt 00:00:11]} 13. Nh4 {[%clk 00:37:50]} {[%emt 00:00:40]} g6 {[%clk
01:01:49]} {[%emt 00:04:12]} 14. Nf3 {[%clk 00:38:15]} {[%emt 00:00:05]} Rac8
{[%clk 00:37:11]} {[%emt 00:25:08]} 15. Bd3 {[%clk 00:37:46]} {[%emt 00:00:59]}
Ne4 {[%clk 00:33:56]} {[%emt 00:03:45]} 16. Ne2 {[%clk 00:34:30]} {[%emt
00:03:46]} Qf6 {[%clk 00:22:52]} {[%emt 00:11:33]} 17. Nf4 {[%clk 00:24:24]}
{[%emt 00:10:37]} g5 {[%clk 00:15:55]} {[%emt 00:07:28]} 18. Nh5 {[%clk
00:15:18]} {[%emt 00:09:36]} Qg6 {[%clk 00:12:22]} {[%emt 00:04:03]} 19. Ng3
{[%clk 00:14:15]} {[%emt 00:01:32]} f5 {[%clk 00:12:15]} {[%emt 00:00:37]} 20.
Ne5 {[%clk 00:13:15]} {[%emt 00:01:30]} Nxe5 {[%clk 00:10:24]} {[%emt
00:02:22]} 21. dxe5 {[%clk 00:13:32]} {[%emt 00:00:13]} Bxe5 {[%clk 00:10:49]}
{[%emt 00:00:05]} 22. Bxe5 {[%clk 00:04:08]} {[%emt 00:09:54]} Rxe5 {[%clk
00:11:14]} {[%emt 00:00:04]} 23. Nxf5 {[%clk 00:04:16]} {[%emt 00:00:22]} Rxf5
{[%clk 00:07:09]} {[%emt 00:04:35]} 24. f3 {[%clk 00:04:42]} {[%emt 00:00:04]}
b5 {[%clk 00:07:13]} {[%emt 00:00:26]} 25. a4 {[%clk 00:01:08]} {[%emt
00:04:04]} Qb6 {[%clk 00:02:33]} {[%emt 00:05:10]} 26. fxe4 {[%clk 00:01:36]}
{[%emt 00:00:02]} Qxe3+ {[%clk 00:02:57]} {[%emt 00:00:06]} 27. Kh1 {[%clk
00:02:02]} {[%emt 00:00:03]} Rxf1+ {[%clk 00:03:00]} {[%emt 00:00:27]} 28. Rxf1
{[%clk 00:02:31]} dxe4 {[%clk 00:02:37]} {[%emt 00:00:54]} 29. Bc4+ {[%clk
00:02:51]} {[%emt 00:00:11]} bxc4 {[%clk 00:02:45]} {[%emt 00:00:21]} 30. Qxc4+
{[%clk 00:03:18]} {[%emt 00:00:03]} Kh8 {[%clk 00:02:59]} {[%emt 00:00:16]} 31.
Qb4 {[%clk 00:03:45]} {[%emt 00:00:03]} Bd5 {[%clk 00:02:11]} {[%emt 00:01:19]}
32. Rf8+ {[%emt 00:00:21]} Bg8 {[%clk 00:02:32]} 33. Rf1 {[%clk 00:02:46]}
{[%emt 00:01:45]} Rd8 {[%clk 00:01:42]} {[%emt 00:01:21]} 34. h4 {[%clk
00:02:40]} {[%emt 00:00:36]} Qd4 {[%clk 00:01:46]} {[%emt 00:00:26]} 35. Qe7
{[%clk 00:03:02]} {[%emt 00:00:09]} gxh4 {[%clk 00:01:46]} {[%emt 00:00:30]} 36.
Rf4 {[%clk 00:02:22]} {[%emt 00:01:10]} h3 {[%clk 00:01:57]} {[%emt 00:00:19]}
37. gxh3 {[%clk 00:02:16]} {[%emt 00:00:36]} Qa1+ {[%clk 00:01:46]} {[%emt
00:00:40]} 38. Kg2 {[%clk 00:02:36]} {[%emt 00:00:10]} Qg7+ {[%clk 00:00:42]}
{[%emt 00:01:35]} 0-1